Normal view
MARC view
Entry Personal Name
001 - CONTROL NUMBER
- control field: 1076055
003 - CONTROL NUMBER IDENTIFIER
- control field: OSt
005 - DATE AND TIME OF LATEST TRANSACTION
- control field: 20260121171425.0
008 - FIXED-LENGTH DATA ELEMENTS
- fixed length control field: 260121|| aca||aabn | a|a d
040 ## - CATALOGING SOURCE
- Original cataloging agency: OSt
- Transcribing agency: OSt
100 ## - HEADING--PERSONAL NAME
- Personal name: Aleksandra Gruca, Tadeusz Czachórski, Sebastian Deorowicz, Katarzyna Har??lak, Agnieszka Piotrowska
670 ## - SOURCE DATA FOUND
- Source citation: Work cat.: (OSt)1641785: Aleksandra Gruca, Tadeusz Czachórski, Sebastian Deorowicz, Katarzyna Har??lak, Agnieszka Piotrowska, Man-Machine Interactions 6
